The world book encyclopedia : Britain & Ireland : Obs. Vol.23, A-H, s.1-618. Vol.24, I-Z, s.619-1190
Guardado en:
| Formato: | Libro |
|---|---|
| Lenguaje: | inglés |
| Publicado: |
Chicago :
The World Book,Inc,
1991
|
| Edición: | 1.vyd. |
| Materias: | |
| Etiquetas: |
Sin Etiquetas, Sea el primero en etiquetar este registro!
|
MARC
| LEADER | 00000nam a22000003a 4500 | ||
|---|---|---|---|
| 001 | stu7193 | ||
| 005 | 20141122102320.5 | ||
| 008 | 941214s1991----xxu-----------------eng-d | ||
| 020 | |a 0-7166-0991-6 | ||
| 040 | |a STU |b slo | ||
| 041 | 0 | |a eng | |
| 044 | |a xxu | ||
| 080 | |a 03 |7 stu_us_auth*stu8317 | ||
| 080 | |a 801.321.1 | ||
| 245 | |a The world book encyclopedia : |b Britain & Ireland : Obs. Vol.23, A-H, s.1-618. Vol.24, I-Z, s.619-1190 | ||
| 250 | |a 1.vyd. | ||
| 260 | |a Chicago : |b The World Book,Inc, |c 1991 | ||
| 300 | |a 2.vol | ||
| 650 | 7 | |a encyklopédie |2 stusub | |
| 650 | 7 | |a slovníky výkladové |2 stusub | |
| 996 | |b 284EK08626 |c E*79442 |l EE0101 |s P |a 0 |w stu7193_0001 | ||
| 996 | |b 284EK08627 |c E*79443 |l EE0101 |s P |a 0 |w stu7193_0002 | ||